| 000 | 01008nam a2200217 4500 | ||
|---|---|---|---|
| 008 | 041130r19821982enka b 000 0 eng | ||
| 020 | _a1882483332 | ||
| 090 |
_aPE1128.A2 _bC46l |
||
| 100 | 1 | _aChristison, Mary Ann. | |
| 245 | 1 | 0 |
_aLook who's talking! : _ba guide to the development of successful conversation groups in intermediate and advanced E.S.L. classrooms / _cMary Ann Christison and Sharron Bassano ; photographs of students by Herbert Kahn and Sandra Hajdu. |
| 250 | _a2nd reprint 1982. | ||
| 260 |
_aOxford, England ; _aNew York : _bPergamon Press ; _aSan Francisco, Ca. : _bAlemany Press, _cc1982. |
||
| 300 |
_axviii, 117 p. : _bill. ; _c24 cm. |
||
| 490 | 1 | _aLanguage teaching methodology series | |
| 500 | _a[Photocopy]. | ||
| 504 | _aBibliography: p. 111-117. | ||
| 650 | 4 |
_aEnglish language _xSpoken English. |
|
| 650 | 4 |
_aEnglish language _xStudy and teaching _xForeign speakers. |
|
| 700 | 1 | _aBassano, Sharron. | |
| 951 |
_p27929 _x00030121 _oPE1128.A2/C46l _j070613111429703 _d2000-12-21 _cGC |
||
| 999 |
_c21972 _d21972 |
||